| 000 | 00615nam a2200217 a 4500 | ||
|---|---|---|---|
| 005 | 20210219153453.0 | ||
| 008 | 991125n 000 0 u | ||
| 035 | _aUPN01000101696 | ||
| 100 | _aAwambor, D. | ||
| 222 | _aGIFTED EDUCATION INTERNATIONAL | ||
| 245 | _aTeachers and their gifted children in the classroom : a perceptual analysis | ||
| 300 | _a82-84 | ||
| 362 | _a7, No. 2, 1991 | ||
| 505 | _aJunio 1992 | ||
| 653 | 0 | _aACTITUD DOCENTE | |
| 653 | 0 | _aCARACTERISTICAS DEL ESTUDIANTE | |
| 653 | 0 | _aIDENTIFICACION DE HABILIDADES | |
| 653 | 0 | _aREGALO | |
| 904 |
_aAC _b039507 |
||
| 905 | _aArticulo | ||
| 999 |
_c77726 _d77726 |
||